000 00811nam a2200229 a 4500
001 38677
003 BD-RjUL
005 20211209052835.0
008 160206s2008 bg ||||| |||| 00| 0 ben d
020 _a9847015600136
035 _a(BD-RjUL)38786
040 _aBD-RjUL
_bben
_cBD-RjUL
041 _aben
082 _223
_a891.443
_bHAN 2008
100 _aহক, হাসান আজিজুল
_9119344
245 _aনির্বাচিত হাসান আজিজুল হক /
_cহাসান আজিজুল হক
260 _aঢাকা :
_bমাওলা ব্রাদার্স,
_c২০০৮
300 _a৬৬৮ পৃ. ;
_b২২ সেমি.
650 _aবাংলা সাহিত্য
_9119345
650 _aBengali literature
_9119346
942 _2ddc
_cBK
_01
999 _c38677
_d38677